LEADER 00919cam0-22003371i-450- 001 990005879260403321 005 20051003104841.0 010 $a88-430-1358-0 035 $a000587926 035 $aFED01000587926 035 $a(Aleph)000587926FED01 035 $a000587926 100 $a20000421d1999----km-y0itay50------ba 101 0 $aita 102 $aIT 105 $ay-------001yy 200 1 $aGentiluomini e canaglie$el'identità maschile tra ottocento e novecento$fAngus McLaren 210 $aRoma$cCarocci$dc1999 215 $a260 p.$d22 cm 225 1 $aArgomenti$v20 676 $a305.31$v21$zita 700 1$aMcLaren,$bAngus$0223783 801 0$aIT$bUNINA$gRICA$2UNIMARC 901 $aBK 912 $a990005879260403321 952 $a5,3-169$fDSPCP 952 $a305.31 MCL 1$bBibl.30669$fFLFBC 959 $aFLFBC 959 $aDSPCP 996 $aGentiluomini e canaglie$9563663 997 $aUNINA